Postkeynesovská ekonomie
Vznik a všeobecná charakteristika postkeynesovskej ekonómie. Taliansko-cambridgeská škola. Vplyv Michala Kalackého. Vplyv diela Piera Sraffyho. Rozvoj postkeynesovskej teórie v dielach Joan Violet Robinsovej a Nicholasa Kaldora. Mladšia vetva postkeynesovskej ekonómie. Sidney Weintraub, Hyman Minsky...
Gespeichert in:
| 1. Verfasser: | |
|---|---|
| Format: | Buchkapitel |
| Sprache: | Tschechisch |
| Schlagworte: | |
| Tags: |
Keine Tags, Fügen Sie das erste Tag hinzu!
|
MARC
| LEADER | 00000naa a2200000 4500 | ||
|---|---|---|---|
| 001 | r039969 | ||
| 005 | 20231002111030.0 | ||
| 041 | 0 | |a cze | |
| 044 | |a CZ | ||
| 245 | 1 | 0 | |a Postkeynesovská ekonomie |c Milan Sojka |
| 520 | |a Vznik a všeobecná charakteristika postkeynesovskej ekonómie. Taliansko-cambridgeská škola. Vplyv Michala Kalackého. Vplyv diela Piera Sraffyho. Rozvoj postkeynesovskej teórie v dielach Joan Violet Robinsovej a Nicholasa Kaldora. Mladšia vetva postkeynesovskej ekonómie. Sidney Weintraub, Hyman Minsky. Hospodárske doporučenia. | ||
| 610 | 2 | 0 | |a teórie ekonomické |
| 610 | 2 | 0 | |a myslenie ekonomické |
| 610 | 2 | 0 | |a dejiny myslenia ekonomického |
| 610 | 2 | 0 | |a keynesizmus |
| 610 | 2 | 0 | |a Kalecki, M. |
| 610 | 2 | 0 | |a Sraffa, P. |
| 610 | 2 | 0 | |a Robinsonová, J.V. |
| 610 | 2 | 0 | |a Kaldor, N. |
| 610 | 2 | 0 | |a Weintraub, S. |
| 610 | 2 | 0 | |a Minsky, H. |
| 100 | 1 | |a Sojka, Milan | |